000 00714nam a22002417a 4500
999 _c4247
_d4247
003 AR-CdUCM
008 190308b ||||| |||| 00| 0 spa d
040 _aMUNICIPALIDAD PROVINCIAL DEL CUSCO
_cBIBLIOTECA MUNICIPAL DEL CUSCO
041 _hch.
082 _a895.10 /
_bY94
100 _aGao, Yubao
_913428
245 _aMi infancia /
260 _aBeijing :
_bEds. en Lenguas Extranjeras,
_c1980.
300 _a279 paginas ;
_c21 cm.
505 _aContenido :Novela /
650 _aLiteratura china
_97278
650 _aNovelas
_9218
650 _aSiglo XX
_98
650 _aNovelas polĂ­tico-sociales
_96040
700 _aWilfredo Carrizales (traductor)
_913429
942 _2ddc
_cLIBROS
945 _arjall